[Event "ROM-ch U10"]
[Site "Calimanesti Caciulata"]
[Date "2019.04.21"]
[Round "8"]
[White "Roiu, Mihai Sebastian"]
[Black "Moraru, Mircea Antoniu"]
[Result "0-1"]
[WhiteElo "1093"]
[BlackElo "1094"]
[PlyCount "80"]
[EventDate "2019.04.15"]
[EventType "swiss"]
[EventRounds "9"]
[EventCountry "ROU"]
[SourceTitle "CBM 190 Extra"]
[Source "ChessBase"]
[SourceDate "2019.07.15"]
[SourceVersion "1"]
[SourceVersionDate "2019.07.15"]
[SourceQuality "1"]

1. c4 e5 2. g3 Nf6 3. Bg2 Bc5 4. e3 Nc6 5. Ne2 d6 6. 0-0 0-0 7. Nbc3 Be6 8. d4 exd4 9. exd4 Bb4 10. d5 Bxc3 11. Nxc3 Bg4 12. f3 Bd7 13. dxc6 Bxc6 14. b3 Re8 15. Bb2 Bd7 16. Qd2 c6 17. Qxd6 Re6 18. Qd2 Qb6+ 19. Qf2 Qc7 20. Rfe1 Rxe1+ 21. Rxe1 Qa5 22. Qd2 b5 23. cxb5 cxb5 24. Rd1 Be6 25. f4 Rf8 26. Bc6 Qb6+ 27. Qd4 Qxc6 28. Qd6 Qa8 29. Nxb5 Bh3 30. Qd2 Ne4 31. Qe2 Qb7 32. Nc3 Qb6+ 33. Kh1 Nf2+ 34. Kg1 Nxd1+ 35. Kh1 Nxb2 36. Qxb2 Re8 37. Qd2 Qb7+ 38. Ne4 Qxe4+ 39. Kg1 Qe1+ 40. Qxe1 Rxe1+ 0-1

[Event "ROM-ch U10"]
[Site "Calimanesti Caciulata"]
[Date "2019.04.17"]
[Round "4"]
[White "Savin, Mihai"]
[Black "Moraru, Mircea Antoniu"]
[Result "1-0"]
[WhiteElo "1162"]
[BlackElo "1094"]
[PlyCount "65"]
[EventDate "2019.04.15"]
[EventType "swiss"]
[EventRounds "9"]
[EventCountry "ROU"]
[SourceTitle "CBM 190 Extra"]
[Source "ChessBase"]
[SourceDate "2019.07.15"]
[SourceVersion "1"]
[SourceVersionDate "2019.07.15"]
[SourceQuality "1"]

1. e4 e6 2. d4 d5 3. Nc3 Bb4 4. e5 Nd7 5. Bd2 b6 6. Nf3 Bb7 7. Nb5 Bxd2+ 8. Qxd2 c5 9. Nd6+ Ke7 10. Nxb7 Qc7 11. Nd6 cxd4 12. Nxd4 Nxe5 13. N6b5 Qd7 14. Qg5+ f6 15. Qxg7+ Nf7 16. Qg3 e5 17. Qa3+ Kd8 18. Qf8+ Qe8 19. Qxe8+ Kxe8 20. Nc7+ Kd7 21. Nxa8 Ne7 22. Nxb6+ axb6 23. Nb3 Rc8 24. 0-0-0 Ng5 25. g3 Ne4 26. Bh3+ f5 27. Rhf1 Ng5 28. Bg2 Ke6 29. f4 exf4 30. Rxf4 Nc6 31. Bxd5+ Kf6 32. Rff1 Re8 33. g4 1-0